000 00594nam a22002057a 4500
003 Ost
005 20250319184033.0
008 250319b |||||||| |||| 00| 0 eng d
020 _a9789355426277
040 _cBT-PhCST
050 _a25223
082 _222
_a004.019
_bYAB
100 _aYablonski, Jon.
245 _aLaws of UX :
_busing psychology to design better products & services /
250 _a2nd ed.
260 _aUSA,
_bO'Reilly Media, Inc.
_cc2024, February
300 _axvi, 164 p. :
_bill. ;
_c23 cm.
500 _aIncludes Index and some colour photographs.
942 _2ddc
_cIT
999 _c9930
_d9930